| 000 | 01620cam a2200277 4500 | ||
|---|---|---|---|
| 001 | ##L134470 | ||
| 008 | 060808n2006 000 0 eng u | ||
| 020 | _a1841524131 | ||
| 035 | _a(Sirsi) u134470 | ||
| 041 | 0 | _aeng | |
| 050 | 0 | 4 | _a657.92 $2 18 |
| 110 | 2 |
_aConsultative Committee of Accountancy Bodies _95003 |
|
| 245 | 0 | 0 |
_aStatement of recommended practice _baccounting by limited liability partnerships |
| 250 | _a2nd ed. | ||
| 260 |
_aLondon _bCCAB _c2006 |
||
| 490 | 0 | _aCCAB Statement of Recommended Practice | |
| 505 | 2 | _aIntroduction -- The contents of the annual report and financial statements -- The application of generally accepted accounting practice to limited liability partnerships -- Members' remuneration and interests -- Retirement benefits -- Taxation -- Revenue recognition - stocks and long-term contracts -- Business combinations and group accounts -- Provisions and other implications of FRS 12 -- Related parties -- Compliance statement -- Effective date | |
| 520 | _aSets out revisions to financial reporting requirements that apply to Limited Liability Partnerships incorporated in Great Britain under the Limited Liability Partnerships Act 2000 that report under UK GAAP. | ||
| 650 | 2 | 4 | _aFINANCIAL REPORTING STANDARD 12 |
| 650 | 2 | 4 | _aLIMITED LIABILITY PARTNERSHIPS ACT 2000 |
| 650 | 2 | 4 | _aCCAB STATEMENT OF RECOMMENDED PRACTICE |
| 651 | 4 | _aGREAT BRITAIN | |
| 690 | _aMANAGEMENT-BUSINESS MANAGEMENT-FINANCIAL MANAGEMENT-ACCOUNTING-FINANCIAL REPORTING | ||
| 856 | 4 | 0 |
_uhttps://www.ccab.org.uk/documents.php _zView the item free of charge at www.ccab.org.uk... |
| 942 | _n0 | ||
| 999 |
_c105688 _d105688 |
||